Calidad habitacional del hogar arrendatario en Bogotá : (Registro nro. 4109)

Detalles MARC
000 -LEADER
fixed length control field 01145nam a2200229Ia 4500
003 - CONTROL NUMBER IDENTIFIER
control field OSt
005 - DATE AND TIME OF LATEST TRANSACTION
control field 20200909115711.0
008 - FIXED-LENGTH DATA ELEMENTS--GENERAL INFORMATION
fixed length control field 191128s2007 ck adb gr 000 0 spa d
020 ## - INTERNATIONAL STANDARD BOOK NUMBER
International Standard Book Number 9789587018035
040 ## - CATALOGING SOURCE
Original cataloging agency CO-JMCR
Transcribing agency CO-JMCR
041 0# - LANGUAGE CODE
Language code of text/sound track or separate title spa
082 04 - DEWEY DECIMAL CLASSIFICATION NUMBER
Classification number 363.585 /
Item number P944c
Edition number 23
100 1# - MAIN ENTRY--PERSONAL NAME
Personal name Pérez Pérez, Elizabeth,
Relator term autora
9 (RLIN) 10022
245 10 - TITLE STATEMENT
Title Calidad habitacional del hogar arrendatario en Bogotá :
Remainder of title estratos socioeconómicos dos y tres /
Statement of responsibility, etc. Elizabeth Pérez Pérez
260 ## - PUBLICATION, DISTRIBUTION, ETC.
Place of publication, distribution, etc. Bogotá :
Name of publisher, distributor, etc. Universidad Nacional de Colombia. Facultad de Artes,
Date of publication, distribution, etc. 2007
300 ## - PHYSICAL DESCRIPTION
Extent 181 páginas :
Other physical details gráficos y mapas a blanco y negro ;
Dimensions 21 cm.
490 0# - SERIES STATEMENT
Series statement Punto aparte
505 0# - FORMATTED CONTENTS NOTE
Formatted contents note Marco teórico y conceptual -- Metodología -- Principales condiciones habitacionales y características socioeconómicas de la población objeto de estudio -- La calidad habitacional de los hogares arrendatarios de los estratos dos y tres en Bogotá en término
650 14 - SUBJECT ADDED ENTRY--TOPICAL TERM
Topical term or geographic name entry element Vivienda rentada
General subdivision satisfación del habitante
Chronological subdivision 1952-1971
Geographic subdivision Bogotá (Colombia)
9 (RLIN) 10023
650 14 - SUBJECT ADDED ENTRY--TOPICAL TERM
Topical term or geographic name entry element Vivienda popular
General subdivision aspectos socioeconómicos
Geographic subdivision Bogotá
9 (RLIN) 10024
942 ## - ADDED ENTRY ELEMENTS (KOHA)
Source of classification or shelving scheme Dewey Decimal Classification
Koha item type Books
Existencias
Withdrawn status Lost status Source of classification or shelving scheme Damaged status Not for loan Collection code Home library Current library Date acquired Source of acquisition Full call number Barcode Date last seen Copy number Koha item type
    Dewey Decimal Classification     Non-fiction Biblioteca Pública José María del Castillo y Rada Biblioteca Pública José María del Castillo y Rada 07/22/2018 Donación 363.585 / P944c 201808912 05/16/2024 Ej.1 Books